<?xml version="1.0" encoding="UTF-8"?>
<record
    xmlns:xsi="http://www.w3.org/2001/XMLSchema-instance"
    xsi:schemaLocation="http://www.loc.gov/MARC21/slim http://www.loc.gov/standards/marcxml/schema/MARC21slim.xsd"
    xmlns="http://www.loc.gov/MARC21/slim">

  <leader>00666cam a2200193ua 4500</leader>
  <controlfield tag="001">49174</controlfield>
  <datafield tag="040" ind1=" " ind2=" ">
    <subfield code="a">RBUC_700050</subfield>
    <subfield code="d">INFLIBNET Centre</subfield>
  </datafield>
  <datafield tag="041" ind1=" " ind2=" ">
    <subfield code="a">eng</subfield>
  </datafield>
  <datafield tag="084" ind1=" " ind2=" ">
    <subfield code="a">822.33Q7</subfield>
    <subfield code="b">S527</subfield>
  </datafield>
  <datafield tag="100" ind1=" " ind2=" ">
    <subfield code="a">Shakespeare, William</subfield>
  </datafield>
  <datafield tag="245" ind1=" " ind2=" ">
    <subfield code="a">Twelfth night or what you will</subfield>
    <subfield code="c">William Shakespare; edited by Arthur Quiller Couch and John Dover Wilson</subfield>
    <subfield code="h">Paper</subfield>
    <subfield code="k">Textual Document</subfield>
  </datafield>
  <datafield tag="260" ind1=" " ind2=" ">
    <subfield code="a">Cambridge</subfield>
    <subfield code="b">Cambridge University Press</subfield>
    <subfield code="c">1958</subfield>
  </datafield>
  <datafield tag="300" ind1=" " ind2=" ">
    <subfield code="a">100p.</subfield>
  </datafield>
  <datafield tag="365" ind1=" " ind2=" ">
    <subfield code="a">UK 6s</subfield>
  </datafield>
  <datafield tag="490" ind1=" " ind2=" ">
    <subfield code="a">[The] Cambridge pocket Shakespeare/John Dover Wilson</subfield>
  </datafield>
  <datafield tag="650" ind1=" " ind2=" ">
    <subfield code="a">English Drama</subfield>
  </datafield>
  <datafield tag="700" ind1=" " ind2=" ">
    <subfield code="a">Quiller-Couch, Arthur</subfield>
    <subfield code="e">ed</subfield>
  </datafield>
  <datafield tag="700" ind1=" " ind2=" ">
    <subfield code="a">Quiller-Couch, Arthur</subfield>
    <subfield code="e">ed1 </subfield>
    <subfield code="a">Wilson, John Dover</subfield>
    <subfield code="e">ed</subfield>
  </datafield>
  <datafield tag="999" ind1=" " ind2=" ">
    <subfield code="c">28541</subfield>
    <subfield code="d">28541</subfield>
  </datafield>
</record>
